Miasta NBA - Whammies - Statistics

General Stats
  • This quiz has been taken 5 times
  • The average score is 12 of 28
Answer Stats
City % Correct
Los Angeles
75%
Miami
75%
Orlando
75%
Atlanta
50%
Boston
50%
Chicago
50%
Cleveland
50%
Denver
50%
Houston
50%
Indianapolis
50%
Memphis
50%
Minneapolis
50%
Oklahoma City
50%
Portland
50%
Salt Lake City
50%
San Antonio
50%
Waszyngton
50%
Charlotte
25%
Dallas
25%
Detroit
25%
Filadelfia
25%
Milwaukee
25%
Nowy Jork
25%
Nowy Orlean
25%
Sacramento
25%
San Francisco
25%
Toronto
25%
Phoenix
0%
No matching quizzes found
Score Distribution
Percent of People with Each Score
Percentile by Number Answered
Your Score History
You have not taken this quiz